Interferencias y transferencias en el bilingüismo eslovaco-español en un caso concreto

Gespeichert in:
Bibliographische Detailangaben
1. Verfasser: Spišiaková, Mária, 1973-
Format: Buchkapitel
Sprache:Spanisch
Schlagworte:
Tags: Tag hinzufügen
Keine Tags, Fügen Sie das erste Tag hinzu!

MARC

LEADER 00000nla a2200000 4500
001 0192093
005 20240502083444.7
041 0 |a spa 
044 |a ES 
245 1 0 |a Interferencias y transferencias en el bilingüismo eslovaco-español en un caso concreto  |c Mária Spišiaková 
610 2 0 |a jazykoveda 
610 2 0 |a jazyky cudzie 
610 2 0 |a španielčina 
610 2 0 |a slovenčina 
100 1 |a Spišiaková, Mária, 1973-